[Lliçons d'aritmètica] / Francesc Tàrrega
Descripción Física:
313 f. ; 23 cm
Materias:
Aritmètica -- Ensenyament
MARC
| LEADER | 00000nam a2200000Ia 4500 | ||
|---|---|---|---|
| 001 | 18731 | ||
| 008 | 160829s1917] xx 000 0 cat d | ||
| 080 | |a C-2-485 | ||
| 100 | |a Tàrrega, Francesc |9 38388 | ||
| 245 | |a [Lliçons d'aritmètica] / Francesc Tàrrega | ||
| 260 | |a [s.l. : |b s.n., |c 1917] | ||
| 300 | |a 313 f. ; |c 23 cm | ||
| 590 | |a Manuscrit. | ||
| 590 | |a Prové de 3268, exp. 16 | ||
| 650 | |a Aritmètica |x Ensenyament |9 48919 | ||
| 901 | |a Arxiu | ||
| 942 | |n 1 | ||
| 952 | |0 0 |1 0 |4 0 |6 C2485 |7 1 |9 48397 |a Arxiu |b Arxiu |d 2016-12-01 |l 0 |o C-2-485 |p 18731 |r 2016-12-01 00:00:00 |w 2016-12-01 |y ARXIU | ||
| 999 | |c 52225 |d 52225 | ||